000 00304nam a22001217a 4500
008 170324b xxu||||| |||| 00| 0 eng d
041 _aeng
080 _24TH
_a615.83
100 _a8
101 _aSHM
245 _aTHE ORGANIZATION AND ADMINISTRATION OF PHYSICAL EDUCATION
_cVOLTMER, E.F
942 _2udc
_cBK
999 _c8605
_d8605